00249nam a2200109Ia 4500008004100000082001600041100001900057245002200076250000800098260002100106650001200127150201s2014 xx 000 0 und d a611bH2012C aCHAURASIA ,B.D aHUMAN ANATOMY V-2 a6TH bC.B.S.PUBLISHERS aANATOMY